000 07147nas1a22011051 4500
001 RU\NLR\Per19\13826
005 20260407065713.0
035 _a(NLR Aleph) 022630137
090 _a13497061
_c13497061
100 _a20181129b1812 u y0rusy50 ca
101 0 _arus
102 _aRU
110 _aay|||||||||
200 1 _aСанктпетербургский вестник,
_fИздаваемый Обществом любителей словесности, наук и художеств
207 1 _aЧ. 1-4
210 _aСанктпетербург
_cВ Морской типографии
_d1812
215 _d8° (20 см)
300 _aЦенз.: Ценз. ком.
300 _aОбъявл. о подписке: «Санкт-Петербургские ведомости», на отд. л.
300 _aЦена годовой подписки: 12 р.
300 _aЧасть экз. вышла в изд. обл. с грав. М. Иванова
300 _aБольшинство атрибуций сделано по росписи, выполн. сотрудниками архива НБ СПбГУ, на основе протоколов ВОЛСНХ
300 _aЯвляется продолж. журн. «Цветник». Продолж.: журн. Благ. (см. СК сериал. 009)
300 _aЧасть экз. РГБ (№ 1-5) в изд. обл.
316 _aЭкз. РГБ № 1-5 в изд. обл.
_5РГБ
316 _aЭкз. РНБ (1/366a): Ч.1 деф.: отсутствует с.[1-2] (2-го ряда); в Ч.1 страницы сплетены в неверном порядке: [2], 1-8, 17-24, 9-16, 25-354, 344-356, [1-7] с.; в Ч.2 с.1-96, 99-239, [1] сплетены в одном пер. с Ч.1, а тит. л. и с.241-339, [1-7] сплетены в одном пер. с Ч.3-4.
_5NLR: 1/366a
316 _aЭкз. РНБ (1/366b) отсутствует Ч.4.
_5NLR: 1/366b
317 _aЭкз. БАН из б-ки Ф.П.Литке.
_5БАН
317 _aЭкз. на шифре 1/366 Ч.1,3 – на тит. л. подпись В.Б. Броневского.
_51/366
591 _aС.-Петербургские ведомости
591 _aЦветник
591 _aБлагонамеренный
690 _aСанкт-Петербург
_bСанктпетербург
702 0 _8rus
_7ca
_aМария Стюарт
_cкоролева шотландская
_f1542-1587
_3RU\NLR\AUTH\7713265
_9122958
702 0 _8rus
_7ca
_aПетр
_cимператор российский
_dI
_f1672-1725
_3RU\NLR\AUTH\778862
_9118743
702 1 _aЛапкина
_bГ. А.
_f1921-2013
_gГалина Алексеевна
702 1 _aПятковский
_bА. П.
_f1840-1904
_gАлександр Петрович
702 1 _aМаксимов
_bА. Г.
_f1862-?
_gАлександр Гаврилович
702 1 _aОрехова
_bЛ. А.
_gЛюдмила Александровна
702 1 _aОрлов
_bП. А.
_f1922-1990
_gПавел Александрович
702 1 _aПономарева
_bС. А.
_f1974-
_gСветлана Альбертовна
702 1 _aПроскурин
_bО. А.
_f1957-
_gОлег Анатольевич
702 1 _aОрлов
_bВ. Н.
_f1908-1985
_gВладимир Николаевич
702 1 _aБазанов
_bВ. Г.
_f1911-1981
_gВасилий Григорьевич
702 1 _aДесницкий
_bВ.А.
_f1878-1958
_gВасилий Алексеевич
702 1 _aКаллаш
_bВ.В.
_f1866-1918
_gВладимир Владимирович
702 1 _aКиселев
_bВ.С.
_fр. 1975
_gВиталий Сергеевич
702 1 _aБроневский
_bВ.Б.
_f1782-1835
_gВладимир Богданович
_4340
702 1 _aИзмайлов
_bА.Е.
_f1779-1831
_gАлександр Ефимович
_4650
702 1 _aДашков
_bД.В.
_f1789-1839
_gДмитрий Васильевич
_4070
702 1 _aНикольский
_bП.А.
_f1791-1816
_gПавел Александрович
_4070
702 1 _aМилонов
_bМ.В.
_f1792-1821
_gМихаил Васильевич
_4070
702 1 _aФовицкий
_bИ.М.
_gИван Михайлович
_4070
702 1 _aГреч
_bН.И.
_f1787-1867
_gНиколай Иванович
_4070
702 1 _aКняжевич
_bД.М.
_f1788-1844
_gДмитрий Максимович
_4070
702 1 _aПушкин
_bВ.Л.
_f1766-1830
_gВасилий Львович
_4070
702 1 _aБатюшков
_bК.Н.
_f1787-1855
_gКонстантин Николаевич
_4070
702 1 _aГораций Флакк
_bК.
_f65–8 до н.э.
_gКвинт
702 1 _aТибулл
_bА.
_fок. 50-19 до н.э.
_gАльбий
702 1 _aЛивий
_bТ.
_f59 до н.э.-17 н.э.
_gТит
702 1 _aШиллер
_bИ.Ф.
_f1759-1805
_gИоганн Фридрих
702 1 _aШатобриан
_bФ.Р.
_f1768-1848
_gФрансуа Рене де
702 1 _aКондильяк
_bЭ.Б.
_f1715-1780
_gЭтьен Бонно де
702 1 _aЛабрюйер
_bЖ.
_f1645-1696
_gЖан де
702 1 _aГердер
_bИ.Г.
_f1744-1803
_gИоганн Готфрид
702 1 _8rus
_7ca
_aВяземский
_bП. А.
_f1792-1878
_gПетр Андреевич
_3RU\NLR\AUTH\7716420
_9126060
702 1 _aВостоков
_bА.Х.
_f1781-1864
_gАлександр Христофорович
702 1 _8rus
_7ca
_aШишков
_bА. С.
_f1754-1841
_gАлександр Семенович
_3RU\NLR\AUTH\7761424
_944354
702 1 _aОстолопов
_bН.Ф.
_f1782-1833
_gНиколай Федорович
702 1 _8rus
_7ca
_aГеннин
_bВ. И.
_f1676-1750
_gВиллим Иванович
_3RU\NLR\AUTH\7716074
_9125718
702 1 _aФлеров
_bА.П.
_f-ок. 1854
_gАлексей Петрович
_4070
702 1 _aСоболевский
_bП.Г.
_f1781 или 1782-1841
_gПетр Григорьевич
702 1 _aОррер
_bО.
_cпор.
_gОгюст д
702 1 _aКарамзин
_bН.М.
_f1766-1826
_gНиколай Михайлович
702 1 _aСалтыков
_bС.П.
_f1775-1826
_gСергей Петрович
_4070
702 1 _aИванов
_bФ.Ф.
_f1777-1816
_gФедор Федорович
_4070
702 1 _8rus
_7ca
_aТатищев
_bВ. Н.
_f1686-1750
_gВасилий Никитич
_3RU\NLR\AUTH\775941
_9115898
702 1 _aПопугаев
_bВ.В.
_f1778 или 1779-1816
_gВасилий Васильевич
702 1 _7ca
_8rus
_aЯзыков
_bД. И.
_cисторик, переводчик
_f1773-1845
_gДмитрий Иванович
_3RU\NLR\AUTH\770289519
_92695445
702 1 _aИванов
_bМ.
_cграв.
_4350
702 1 _4390
_8rus
_7ca
_aЛитке
_bФ. П.
_f1797-1882
_gФедор Петрович
_3RU\NLR\AUTH\7770221
_953149
801 2 _aRU
_bNLR
_c20181129
_2rusmarc
852 _aNLR
_j1/366
852 _aNLR
_j1/366b
852 _aNLR
_b1/366a
899 _aБАН
899 _aРГБ
899 _aМГУ
899 _aРГАДА
899 _aСПбГУ
899 _aГПИБ
942 _cJOURNAL
980 _aA1PER19
980 _aNB